Normal view
MARC view
Entry Topical Term
001 - CONTROL NUMBER
- control field: 20965
003 - CONTROL NUMBER IDENTIFIER
- control field: OSt
005 - DATE AND TIME OF LATEST TRANSACTION
- control field: 20151217164129.0
008 - FIXED-LENGTH DATA ELEMENTS
- fixed length control field: 151217|| aca||aabn | a|a d
040 ## - CATALOGING SOURCE
- Original cataloging agency: OSt
- Transcribing agency: OSt
150 ## - HEADING--TOPICAL TERM
- Topical term or geographic name entry element: Encyclopaedia
670 ## - SOURCE DATA FOUND
- Source citation: Work cat.: (OSt)40460: J M Dent & Sons Ltd 20964, Everymans Encyclopaedia, 1967









